000 00809nam a22001337a 4500
040 _cRUA
082 _aAVM NGE 2010 B093 Or.1
100 _aNGET, SARON.
245 _aEffect of stylo184 (stylosanthes quianensis) supplementation of crossed breed pigs fed rice bran and broken rice as basic diet on digestibility, ឥទ្ធិពលនៃការបន្ថែមស្ដាយឡូ១៨៤(stylosanthes quianensis)​ ដល់ពូជជ្រូកកូនកាត់ដែលស៊ីកន្ទក់ និងចុងអង្ករជាចំណីគ្រឹះលើលទ្ធភាពរំលាយ
260 _aPhnom Penh
_bRUA
_c2010
300 _ax; 35p.
_bill.
_c29cm.
856 _uhttps://drive.google.com/file/d/1VvGZO3QHX-VvQBKmRw5Lw1pZrFW_7nLE/view?usp=sharing
942 _cAVM
999 _c2365
_d2365